Historias de amor /
Сохранить в:
| Главный автор: | |
|---|---|
| Другие авторы: | , |
| Формат: | Электронный ресурс eКнига |
| Язык: | испанский немецкий |
| Опубликовано: |
Madrid :
Siruela,
[2016]
|
| Редактирование: | Edición en formato digital. |
| Серии: | Libros del tiempo (Madrid, Spain) ;
159. |
| Предметы: | |
| Online-ссылка: | Digitalia Hispánica |
| Метки: |
Добавить метку
Нет меток, Требуется 1-ая метка записи!
|
MARC
| LEADER | 00000nam a2200000Ii 4500 | ||
|---|---|---|---|
| 001 | DIGSIRLA0813 | ||
| 003 | NyNyDIG | ||
| 006 | m o d | ||
| 007 | cr ||||||||||| | ||
| 008 | 230503s2016 sp o 000 f spa d | ||
| 035 | |a (OCoLC)1379467277 | ||
| 040 | |a DGITA |b eng |e rda |e pn |c DGITA | ||
| 020 | |a 9788416964048 |q eBook | ||
| 020 | |z 9788478446636 | ||
| 041 | 1 | |a spa |h ger | |
| 050 | 1 | 4 | |a PT2647.A64 ebook |
| 082 | 0 | 4 | |a 833.912 |
| 100 | 1 | |a Walser, Robert, |d 1878-1956, |e author. | |
| 240 | 1 | 0 | |a Liebesgeschichten. |l Spanish |s (Sola Llovet) |
| 245 | 1 | 0 | |a Historias de amor / |c Robert Walser ; selección y epílogo de Volker Michels ; traducción de Juan de Sola Llovet. |
| 250 | |a Edición en formato digital. | ||
| 264 | 1 | |a Madrid : |b Siruela, |c [2016] | |
| 300 | |a 1 online resource. | ||
| 336 | |a text |b txt |2 rdacontent | ||
| 337 | |a computer |b c |2 rdamedia | ||
| 338 | |a online resource |b cr |2 rdacarrier | ||
| 347 | |a text file |2 rdaft | ||
| 347 | |b EPUB | ||
| 490 | 1 | |a Libros del tiempo | |
| 588 | 0 | |a Online resource; title from ePub title page (Digitalia, viewed May 5, 2023) | |
| 655 | 7 | |a Romance fiction. |2 lcgft | |
| 700 | 1 | |a Michels, Volker, |e contributor agent of text. | |
| 700 | 1 | |a Sola Llovet, Juan de, |e translator. | |
| 700 | 1 | |i Translation of: |a Walser, Robert, |d 1878-1956. |t Liebesgeschichten. | |
| 791 | 2 | |a Digitalia (Firm), |e distributor. | |
| 793 | 0 | |g Digitalia eBook Collection: |a Siruela | |
| 776 | 0 | 8 | |i Print version: |a Walser, Robert, 1878-1956. |s Liebesgeschichten. Spanish (Sola Llovet). |t Historias de amor. |d Madrid : Siruela, [2016] |z 9788478446636 |
| 830 | 0 | |a Libros del tiempo (Madrid, Spain) ; |v 159. | |
| 856 | 4 | 0 | |3 Digitalia Hispánica |u https://digitalia.unach.elogim.com/a/68270/ |
| 910 | |a Premium collection: 2023 | ||